| 000 | 00000nam##2200000za#4500 |
| 001 | 9.590147 |
| 003 | CaOODSP |
| 005 | 20210624200003 |
| 007 | cr ||||||||||| |
| 008 | 150406|2006||||xxc|||||o f|0| 0 eng|d |
| 040 | |aCaOODSP|beng |
| 041 | |aeng |
| 041 | |afre |
| 043 | |an-cn--- |
| 086 | 1 |aFs97-4-2769-PDF |
| 110 | 1 |aCanada. |bDepartment of Fisheries and Oceans. |
| 245 | 10|aAt-sea sampling data collection and fishery regulations for the southern Gulf of Saint Lawrence lobster (Homarus americanus) fishery – 1982-2000 / |h[electronic resource]|cby Manon Mallet
[et al.] |
| 260 | |aMoncton - New Brunswick : |bFisheries and Oceans Canada |c2006. |
| 300 | |a111p.|bfigs., references, tables |
| 490 | 1 |aCanadian manuscript report of fisheries and aquatic sciences|vNo. 2769 |
| 500 | |aFile reproduced from original print. On t. p. : Gulf Fisheries Center, Moncton (N.-B.). The catalogue number and ISSN for the print edition appear in the PDF version. |
| 590 | |a14-13-Supp|b2014-06-23 |
| 720 | 1 |aMallet, Manon |
| 792 | |tDonnées d'échantillonnage en mer et mesures de gestion de la pêche au homard (Homarus americanus) dans le sud du golfe du Saint-Laurent – 1982-2000 / |efre|w(CaOODSP)9.590148 |
| 830 | #0|aCanadian manuscript report of fisheries and aquatic sciences ;|vNo. 2769|w(CaOODSP)9.500265 |
| 856 | 40|ahttp://publications.gc.ca|qPDF|s7972 KB|uhttps://publications.gc.ca/collections/collection_2014/mpo-dfo/Fs97-4-2769.pdf|yNo. 2769 |